000
00233 a2200085 4500
100
1
_a
Mara, Josef.
_e
Autor
245
0
_a
Zaklady metrologie spoju /
_c
Mara Josef.
710
2
_a
NADAS.
_e
Wydawca
_4
pbl
260
_a
Praha :
_b
NADAS,
_c
1976.
300
_a
166 s.;
_c
25 cm.
999
_c
7560
_d
7560